Implementing Software Engineering Practices
Enregistré dans:
| Auteur principal: | |
|---|---|
| Format: | Livre |
| Langue: | anglais |
| Publié: |
New York
Wiley
1989
|
| Édition: | 1. ed. |
| Tags: |
Pas de tags, Soyez le premier à ajouter un tag!
|
MARC
| LEADER | 00000nam a2200000 4500 | ||
|---|---|---|---|
| 001 | c034365 | ||
| 005 | 20221215113926.4 | ||
| 041 | 0 | |a eng | |
| 044 | |a US | ||
| 245 | 1 | 0 | |a Implementing Software Engineering Practices |c Fletcher J. Buckley |
| 250 | |a 1. ed. | ||
| 264 | 1 | |a New York |b Wiley |c 1989 | |
| 300 | |a 172 s. | ||
| 100 | 1 | |a Buckley, Fletcher J. | |